Countries with Absolute Monarchies - Statistics

General Stats
  • This quiz has been taken 128 times
  • The average score is 6 of 7
Answer Stats
Monarchy % Correct
Saudi Arabia
92%
Brunei
86%
Qatar
83%
United Arab Emirates
78%
Oman
77%
eSwatini
71%
Vatican City
65%
No matching quizzes found
Score Distribution
Percent of People with Each Score
Percentile by Number Answered
Your Score History
You have not taken this quiz